[Event "SVK-chT2A 2425"]
[Site "Slovakia"]
[Date "2024.11.10"]
[Round "2.5"]
[White "Meszaros, Norbert"]
[Black "Ac, Michal"]
[Result "1/2-1/2"]
[WhiteElo "2096"]
[BlackElo "2014"]
[PlyCount "89"]
[EventDate "2024.11.09"]
[EventType "team-tourn"]
[EventRounds "11"]
[EventCountry "SVK"]
[SourceTitle "CB51_2024"]
[SourceDate "2024.12.18"]
[SourceVersion "1"]
[SourceVersionDate "2024.12.18"]
[SourceQuality "1"]
[WhiteTeam "Bratislava Lokomotiva"]
[BlackTeam "Bratislava Slovan III"]
[WhiteTeamCountry "SVK"]
[BlackTeamCountry "SVK"]

1. e4 c5 2. c3 g6 3. d4 Bg7 4. Nf3 cxd4 5. cxd4 d6 6. Nc3 Nf6 7. Bb5+ Nfd7 8. 0-0 0-0 9. Bg5 h6 10. Bh4 a6 11. Ba4 b5 12. Bb3 Nb6 13. h3 Bb7 14. Re1 Nc6 15. Nd5 Re8 16. Rc1 Nxd5 17. Bxd5 Qb6 18. e5 dxe5 19. dxe5 Nb4 20. Bxb7 Qxb7 21. Qb3 a5 22. a3 Qd5 23. Qxd5 Nxd5 24. Rc5 e6 25. Rxb5 g5 26. Bg3 Rec8 27. Nd2 a4 28. Ne4 Rcb8 29. Rxb8+ Rxb8 30. Re2 Rc8 31. Nd6 Rc1+ 32. Kh2 h5 33. h4 gxh4 34. Bxh4 Nf4 35. Re4 Nd3 36. Bg3 Nxb2 37. Rb4 Nd3 38. Rb8+ Kh7 39. Nxf7 Kg6 40. Rb7 Rc4 41. Nd6 Rg4 42. f3 Rd4 43. Ne4 Bxe5 44. Bxe5 Nxe5 45. Rb6 1/2-1/2

[Event "SVK-chT1W 2223"]
[Site "Slovakia"]
[Date "2023.02.05"]
[Round "9.3"]
[White "Ac, Michal"]
[Black "Borhy, Marcell Boldizsar"]
[Result "1/2-1/2"]
[WhiteElo "2038"]
[BlackElo "2407"]
[PlyCount "77"]
[EventDate "2022.10.15"]
[EventType "team-tourn"]
[EventRounds "11"]
[EventCountry "SVK"]
[SourceTitle "EXT 2024"]
[Source "ChessBase"]
[SourceDate "2023.10.10"]
[SourceVersion "1"]
[SourceVersionDate "2023.10.10"]
[SourceQuality "1"]
[WhiteTeam "Bratislava Slovan III"]
[BlackTeam "Gabcikovo MSK"]
[WhiteTeamCountry "SVK"]
[BlackTeamCountry "SVK"]

1. d4 d5 2. c4 e6 3. Nc3 Bb4 4. Nf3 Nf6 5. e3 0-0 6. Bd3 c5 7. a3 cxd4 8. exd4 dxc4 9. Bxc4 Qc7 10. Qd3 Be7 11. 0-0 Nc6 12. Bg5 Rd8 13. Rac1 h6 14. Bh4 Qf4 15. Bg3 Qg4 16. h3 Qh5 17. Rfe1 Bd7 18. Ba2 Be8 19. b4 a6 20. Bb1 Rac8 21. Be5 g6 22. Ne4 Nxe5 23. Nxe5 Bb5 24. Qe3 Rxc1 25. Rxc1 Nd5 26. Qb3 Nf4 27. Ng3 Ne2+ 28. Nxe2 Qxe2 29. Bxg6 Be8 30. Bd3 Qd2 31. Rd1 Qf4 32. Nf3 Bc6 33. Be2 Bd5 34. Qe3 Qxe3 35. fxe3 Rc8 36. Kf2 Rc3 37. Rd3 Rc2 38. Rd2 Rc3 39. Rd3 1/2-1/2

[Event "SVK-chT1W 2223"]
[Site "Slovakia"]
[Date "2022.12.04"]
[Round "6.5"]
[White "Meszaros, Norbert"]
[Black "Ac, Michal"]
[Result "1/2-1/2"]
[WhiteElo "2126"]
[BlackElo "2072"]
[PlyCount "45"]
[EventDate "2022.10.15"]
[EventType "team-tourn"]
[EventRounds "11"]
[EventCountry "SVK"]
[SourceTitle "EXT 2024"]
[Source "ChessBase"]
[SourceDate "2023.10.10"]
[SourceVersion "1"]
[SourceVersionDate "2023.10.10"]
[SourceQuality "1"]
[WhiteTeam "Bratislava Lokomotiva"]
[BlackTeam "Bratislava Slovan III"]
[WhiteTeamCountry "SVK"]
[BlackTeamCountry "SVK"]

1. e4 c5 2. c3 Nf6 3. e5 Nd5 4. Nf3 Nc6 5. d4 cxd4 6. cxd4 d6 7. Bc4 e6 8. 0-0 Be7 9. exd6 Qxd6 10. Nc3 0-0 11. Qe2 Nxc3 12. bxc3 b6 13. Rb1 Bb7 14. Bd3 Na5 15. Rb5 g6 16. Re5 Rfe8 17. Bf4 Bd5 18. Bg3 Qc6 19. Bb5 Bc4 20. Bxc4 Qxc4 21. Qe4 Nc6 22. Qf4 Bd6 23. Qf6 1/2-1/2

[Event "SVK-chT1W 2122"]
[Site "Slovakia"]
[Date "2022.05.14"]
[Round "10.5"]
[White "Bochnickova, Simona"]
[Black "Ac, Michal"]
[Result "1-0"]
[WhiteElo "1880"]
[BlackElo "2129"]
[PlyCount "75"]
[EventDate "2021.11.06"]
[EventType "team-tourn"]
[EventRounds "11"]
[EventCountry "SVK"]
[SourceTitle "EXT 2024"]
[Source "ChessBase"]
[SourceDate "2023.10.10"]
[SourceVersion "1"]
[SourceVersionDate "2023.10.10"]
[SourceQuality "1"]
[WhiteTeam "Bratislava KSN"]
[BlackTeam "Bratislava Slovan III"]
[WhiteTeamCountry "SVK"]
[BlackTeamCountry "SVK"]

1. e4 c5 2. Nf3 d6 3. d4 cxd4 4. Qxd4 Nc6 5. Bb5 Bd7 6. Bxc6 bxc6 7. c4 e5 8. Qd3 Qc7 9. Nc3 Be7 10. 0-0 Rd8 11. b3 Be6 12. Rd1 Nf6 13. Bg5 h6 14. Bxf6 Bxf6 15. Rac1 Qb7 16. Rc2 g5 17. Qe2 g4 18. Ne1 Bg5 19. Rd3 f6 20. Qd1 Qe7 21. Rb2 h5 22. Nc2 f5 23. Ne3 f4 24. Nf5 Bxf5 25. exf5 0-0 26. Ne4 Rxf5 27. Nxd6 Rff8 28. Rbd2 e4 29. Nf5 Qe6 30. Rxd8 Bxd8 31. Nd4 Qf6 32. Nxc6 Bc7 33. Nb4 Bb8 34. Rd7 Kh8 35. Qd4 Be5 36. Qxe4 Qf5 37. Qxf5 Rxf5 38. Rd5 1-0

[Event "SVK-chT1W 2122"]
[Site "Slovakia"]
[Date "2022.04.24"]
[Round "9.5"]
[White "Pinter, Patrik"]
[Black "Ac, Michal"]
[Result "1/2-1/2"]
[WhiteElo "2208"]
[BlackElo "2129"]
[PlyCount "81"]
[EventDate "2021.11.06"]
[EventType "team-tourn"]
[EventRounds "11"]
[EventCountry "SVK"]
[SourceTitle "EXT 2024"]
[Source "ChessBase"]
[SourceDate "2023.10.10"]
[SourceVersion "1"]
[SourceVersionDate "2023.10.10"]
[SourceQuality "1"]
[WhiteTeam "Nitra NSK"]
[BlackTeam "Bratislava Slovan III"]
[WhiteTeamCountry "SVK"]
[BlackTeamCountry "SVK"]

1. e4 c5 2. Nf3 d6 3. d4 cxd4 4. Nxd4 Nf6 5. Nc3 g6 6. Bc4 Bg7 7. Bb3 0-0 8. h3 Nc6 9. Be3 Bd7 10. 0-0 a6 11. a4 Rc8 12. Nxc6 Bxc6 13. Qd3 Nd7 14. Bd4 Nc5 15. Qe3 Nxb3 16. cxb3 Bxd4 17. Qxd4 Re8 18. Rad1 Qc7 19. Rd2 b6 20. h4 h5 21. f4 Bb7 22. b4 a5 23. Rff2 e5 24. Qxd6 axb4 25. Nb5 Qc1+ 26. Rd1 Qe3 27. Qd2 exf4 28. Re1 Rxe4 29. Rxe3 fxe3 30. Qd3 exf2+ 31. Kxf2 Rg4 32. g3 Be4 33. Qd6 Rc2+ 34. Ke1 Bf5 35. Qd8+ Kg7 36. Nd6 Rc1+ 37. Kf2 Rc2+ 38. Kf3 Rxb2 39. Ne8+ Kh7 40. Nf6+ Kg7 41. Ne8+ 1/2-1/2

[Event "SVK-chT1W 2122"]
[Site "Slovakia"]
[Date "2021.11.07"]
[Round "2.5"]
[White "Voros, Gellert"]
[Black "Ac, Michal"]
[Result "1/2-1/2"]
[WhiteElo "2158"]
[BlackElo "2131"]
[PlyCount "32"]
[EventDate "2021.11.06"]
[EventType "team-tourn"]
[EventRounds "11"]
[EventCountry "SVK"]
[SourceTitle "EXT 2023"]
[Source "ChessBase"]
[SourceDate "2022.10.05"]
[SourceVersion "1"]
[SourceVersionDate "2022.10.05"]
[SourceQuality "1"]
[WhiteTeam "Komarno"]
[BlackTeam "Bratislava Slovan III"]
[WhiteTeamCountry "SVK"]
[BlackTeamCountry "SVK"]

1. e4 c5 2. c3 Nf6 3. e5 Nd5 4. d4 cxd4 5. Nf3 Nc6 6. Bc4 Nb6 7. Bb3 d5 8. exd6 Qxd6 9. 0-0 Be6 10. Bxe6 Qxe6 11. Nxd4 Nxd4 12. Qxd4 Rd8 13. Qh4 Qe2 14. Bd2 e6 15. Re1 Qb5 16. b3 Qf5 1/2-1/2

[Event "SVK-chT1W 2122"]
[Site "Slovakia"]
[Date "2021.11.06"]
[Round "1.6"]
[White "Urban, Gabor"]
[Black "Ac, Michal"]
[Result "1/2-1/2"]
[WhiteElo "2002"]
[BlackElo "2131"]
[PlyCount "72"]
[EventDate "2021.11.06"]
[EventType "team-tourn"]
[EventRounds "11"]
[EventCountry "SVK"]
[SourceTitle "EXT 2023"]
[Source "ChessBase"]
[SourceDate "2022.10.05"]
[SourceVersion "1"]
[SourceVersionDate "2022.10.05"]
[SourceQuality "1"]
[WhiteTeam "Batorove Kosihy"]
[BlackTeam "Bratislava Slovan III"]
[WhiteTeamCountry "SVK"]
[BlackTeamCountry "SVK"]

1. c4 Nf6 2. Nc3 g6 3. d4 Bg7 4. e4 d6 5. f3 0-0 6. Be3 Nfd7 7. Qd2 c5 8. d5 Ne5 9. h3 f5 10. f4 Nf7 11. Nf3 e6 12. exf5 exf5 13. Bd3 Na6 14. a3 Bd7 15. 0-0 Qf6 16. Bf2 Qd8 17. Rab1 Bh6 18. Bh4 Qb6 19. Rbe1 Rfe8 20. Bf6 Nc7 21. Ng5 Bg7 22. Bxg7 Kxg7 23. Nd1 Qb3 24. Rf3 Rxe1+ 25. Qxe1 Re8 26. Qd2 Nxg5 27. fxg5 Ba4 28. Ne3 Kg8 29. Qa5 Qxd3 30. Nxf5 Qxc4 31. Nh6+ Kh8 32. Qxc7 Qd4+ 33. Kh2 Qe5+ 34. Kg1 Qd4+ 35. Kh2 Qe5+ 36. Kg1 Qd4+ 1/2-1/2

[Event "SVK-chT2A 1920"]
[Site "Slovakia"]
[Date "2020.03.07"]
[Round "10.2"]
[White "Koutny, Petr"]
[Black "Ac, Michal"]
[Result "1/2-1/2"]
[WhiteElo "2217"]
[BlackElo "2150"]
[PlyCount "122"]
[EventDate "2019.10.26"]
[EventType "team-tourn"]
[EventRounds "11"]
[EventCountry "SVK"]
[SourceTitle "CBM 195 Extra"]
[Source "ChessBase"]
[SourceDate "2020.05.31"]
[SourceVersion "1"]
[SourceVersionDate "2020.05.31"]
[SourceQuality "1"]
[WhiteTeam "Skalica"]
[BlackTeam "Bratislava Slovan IV"]
[WhiteTeamCountry "SVK"]
[BlackTeamCountry "SVK"]

1. e4 c5 2. Nf3 d6 3. d4 cxd4 4. Nxd4 Nf6 5. Nc3 g6 6. Be3 Bg7 7. f3 0-0 8. Bc4 Nc6 9. Qd2 Bd7 10. 0-0-0 Rc8 11. Bb3 Ne5 12. Kb1 Nc4 13. Bxc4 Rxc4 14. g4 Ne8 15. h4 h6 16. Nce2 Kh7 17. h5 g5 18. Qd3 b5 19. b3 Qb8 20. Ng3 Be5 21. Nde2 Ng7 22. Nf5 Nxf5 23. exf5 Rfc8 24. f6+ Kg8 25. fxe7 Rxc2 26. Bd4 Bxd4 27. Nxd4 R2c3 28. Qe4 R3c5 29. Rhe1 Re5 30. Qd3 Re8 31. Rxe5 dxe5 32. Nf5 Bxf5 33. Qxf5 Rxe7 34. Qf6 Qf8 35. Rd6 Re8 36. Kc2 e4 37. f4 e3 38. Kd1 Qg7 39. fxg5 Qxg5 40. Qxg5+ hxg5 41. Rd5 f6 42. Ke2 Re4 43. Rxb5 Rxg4 44. Kxe3 Rh4 45. Rb7 a5 46. Rd7 Rxh5 47. Ke4 g4 48. Kf4 Rg5 49. Kg3 f5 50. Rc7 Rg7 51. Rc5 f4+ 52. Kxf4 g3 53. Rc1 g2 54. Rg1 Kf7 55. Kf3 Ke6 56. Rxg2 Rxg2 57. Kxg2 Kd5 58. a3 Kd4 59. b4 axb4 60. axb4 Kc4 61. Kh1 Kb5 1/2-1/2

[Event "SVK-chT2A 1920"]
[Site "Slovakia"]
[Date "2019.12.15"]
[Round "6.2"]
[White "Ac, Michal"]
[Black "Petrik, Stanislav"]
[Result "1-0"]
[WhiteElo "2150"]
[BlackElo "2136"]
[PlyCount "110"]
[EventDate "2019.10.26"]
[EventType "team-tourn"]
[EventRounds "11"]
[EventCountry "SVK"]
[SourceTitle "CBM 194 Extra"]
[Source "ChessBase"]
[SourceDate "2020.03.31"]
[SourceVersion "1"]
[SourceVersionDate "2020.03.31"]
[SourceQuality "1"]
[WhiteTeam "Bratislava Slovan IV"]
[BlackTeam "Bratislava Doprastav II"]
[WhiteTeamCountry "SVK"]
[BlackTeamCountry "SVK"]

1. Nf3 Nf6 2. c4 b6 3. Nc3 Bb7 4. d4 e6 5. Bg5 Bb4 6. e3 h6 7. Bh4 g5 8. Bg3 Ne4 9. Qc2 Bxc3+ 10. bxc3 Nxg3 11. hxg3 Qf6 12. Bd3 Nc6 13. Nd2 0-0-0 14. c5 d6 15. cxb6 axb6 16. a4 Na5 17. Rg1 Kd7 18. c4 e5 19. dxe5 Qxe5 20. Rb1 h5 21. Ke2 h4 22. Rb5 Qg7 23. Bf5+ Ke8 24. Be4 Ba6 25. Rf5 Bc8 26. Rb5 Bd7 27. Rd5 Be6 28. Rb5 hxg3 29. fxg3 Rh2 30. Bf5 g4 31. Qe4 Kd7 32. Rd1 Rh6 33. c5 dxc5 34. Nc4+ Ke7 35. Nxa5 Rxd1 36. Nc6+ Kd6 37. Nd8 Rd5 38. Qf4+ Qe5 39. Nxf7+ Bxf7 40. Qxh6+ Ke7 41. Qg5+ Qf6 42. Qxf6+ Kxf6 43. Bc2 Rd8 44. Rb1 Bc4+ 45. Ke1 Ke5 46. Rc1 Rf8 47. Bf5 Bb3 48. Bc2 Bd5 49. Bd1 Bxg2 50. Bxg4 Rf1+ 51. Kd2 Rf2+ 52. Kc3 Ra2 53. Bd7 c6 54. Rb1 Kd6 55. Bf5 Kc7 1-0

[Event "SVK-chT2A 1920"]
[Site "Slovakia"]
[Date "2019.10.27"]
[Round "2.1"]
[White "Balogh, Peter"]
[Black "Ac, Michal"]
[Result "0-1"]
[WhiteElo "2245"]
[BlackElo "2150"]
[PlyCount "140"]
[EventDate "2019.10.26"]
[EventType "team-tourn"]
[EventRounds "11"]
[EventCountry "SVK"]
[SourceTitle "CBM 193 Extra"]
[Source "ChessBase"]
[SourceDate "2020.01.31"]
[SourceVersion "1"]
[SourceVersionDate "2020.01.31"]
[SourceQuality "1"]
[WhiteTeam "Senec"]
[BlackTeam "Bratislava Slovan IV"]
[WhiteTeamCountry "SVK"]
[BlackTeamCountry "SVK"]

1. d4 Nf6 2. c4 g6 3. Nc3 Bg7 4. e4 d6 5. f3 0-0 6. Be3 Nfd7 7. Qd2 c5 8. Nge2 Nc6 9. Rd1 cxd4 10. Nxd4 Nxd4 11. Bxd4 Ne5 12. Be2 Be6 13. b3 Qa5 14. 0-0 Rfc8 15. f4 Nc6 16. Bxg7 Kxg7 17. Bd3 f6 18. Rfe1 a6 19. Nd5 Qc5+ 20. Qf2 Rab8 21. Nb6 Rd8 22. Bf1 Qxf2+ 23. Kxf2 Na7 24. Rd2 Nc8 25. Nd5 Bf7 26. Rc1 Bxd5 27. Rxd5 Nb6 28. Rd2 Nd7 29. Ke3 a5 30. Rd5 a4 31. b4 b6 32. a3 Kf7 33. g3 Nf8 34. Bh3 e6 35. Rb5 Ke7 36. Bg4 Rdc8 37. Rc3 Nd7 38. Kd3 Rc7 39. Bd1 Ra8 40. h4 Rca7 41. h5 Rg8 42. Ke2 f5 43. hxg6 hxg6 44. g4 fxe4 45. Bc2 Rc7 46. Bxe4 d5 47. Bd3 Rh8 48. c5 Rh2+ 49. Ke3 g5 50. fxg5 e5 51. Rc2 Rxc2 52. Bxc2 bxc5 53. bxc5 Nxc5 54. Rb4 d4+ 55. Kd2 Kf7 56. Rc4 Ke6 57. Bxa4 Kd5 58. Rb4 Rg7 59. Bb3+ Nxb3+ 60. Rxb3 Rxg5 61. Rg3 e4 62. a4 Kc4 63. a5 Rxa5 64. g5 Ra2+ 65. Kd1 Ra1+ 66. Kd2 e3+ 67. Ke2 Ra2+ 68. Kf1 e2+ 69. Kf2 d3 70. g6 Ra1 0-1

[Event "SVK-chT1W 1819"]
[Site "Slovakia"]
[Date "2019.03.16"]
[Round "10.6"]
[White "Ac, Michal"]
[Black "Pinter, Patrik"]
[Result "1-0"]
[WhiteElo "2140"]
[BlackElo "2177"]
[PlyCount "51"]
[EventDate "2018.10.27"]
[EventType "team-tourn"]
[EventRounds "11"]
[EventCountry "SVK"]
[SourceTitle "CBM 189 Extra"]
[Source "ChessBase"]
[SourceDate "2019.05.31"]
[SourceVersion "1"]
[SourceVersionDate "2019.05.31"]
[SourceQuality "1"]
[WhiteTeam "Bratislava Slovan II"]
[BlackTeam "Nitra NSK"]
[WhiteTeamCountry "SVK"]
[BlackTeamCountry "SVK"]

1. Nf3 g6 2. d4 Bg7 3. c4 c5 4. d5 d6 5. Qc2 Nf6 6. Nc3 0-0 7. e4 e6 8. Be2 exd5 9. cxd5 Na6 10. Nd2 Nc7 11. 0-0 Rb8 12. a4 Na6 13. Nc4 Nb4 14. Qd1 Ne8 15. Bf4 f5 16. Qd2 a6 17. a5 b5 18. axb6 Rb7 19. exf5 Rxf5 20. Bg4 Bxc3 21. bxc3 Rxd5 22. Bxc8 Qxc8 23. Qe2 Nd3 24. Bg3 Rf7 25. Ne3 Re7 26. Qa2 1-0

[Event "SVK-chT1W 1819"]
[Site "Slovakia"]
[Date "2019.01.13"]
[Round "6.5"]
[White "Ac, Michal"]
[Black "Bochnicka, Vladimir"]
[Result "0-1"]
[WhiteElo "2157"]
[BlackElo "2069"]
[PlyCount "64"]
[EventDate "2018.10.27"]
[EventType "team-tourn"]
[EventRounds "11"]
[EventCountry "SVK"]
[SourceTitle "CBM 188 Extra"]
[Source "ChessBase"]
[SourceDate "2019.02.28"]
[SourceVersion "1"]
[SourceVersionDate "2019.02.28"]
[SourceQuality "1"]
[WhiteTeam "Bratislava Slovan II"]
[BlackTeam "Bratislava KSN"]
[WhiteTeamCountry "SVK"]
[BlackTeamCountry "SVK"]

1. d4 Nf6 2. c4 g6 3. Nc3 Bg7 4. e4 d6 5. Nf3 0-0 6. Be2 e5 7. 0-0 Nbd7 8. d5 a5 9. Qc2 Nc5 10. Nd2 Ne8 11. Nb3 b6 12. Be3 f5 13. f3 f4 14. Bf2 g5 15. a3 Nxb3 16. Qxb3 h5 17. Qd1 a4 18. Nxa4 g4 19. Nc3 Qg5 20. Kh1 g3 21. Bg1 h4 22. Re1 h3 23. Bf1 hxg2+ 24. Bxg2 Rf6 25. Re2 Rh6 26. b4 Nf6 27. c5 Rh4 28. Rd2 Qh5 29. Bf1 Ng4 30. Raa2 Rxa3 31. Qc2 Rxa2 32. Nxa2 Ne3 0-1

[Event "SVK-chT2A 1718"]
[Site "Slovakia"]
[Date "2018.03.18"]
[Round "11.3"]
[White "Ac, Michal"]
[Black "Bochnicka, Vladimir"]
[Result "1-0"]
[WhiteElo "2163"]
[BlackElo "2100"]
[PlyCount "75"]
[EventDate "2017.10.28"]
[EventType "team-tourn"]
[EventRounds "11"]
[EventCountry "SVK"]
[SourceTitle "EXT 2020"]
[Source "ChessBase"]
[SourceDate "2019.10.17"]
[SourceVersion "1"]
[SourceVersionDate "2019.10.17"]
[SourceQuality "1"]
[WhiteTeam "Bratislava Slovan IV"]
[BlackTeam "Modra II"]
[WhiteTeamCountry "SVK"]
[BlackTeamCountry "SVK"]

1. d4 d5 2. c4 e6 3. Nc3 Nf6 4. Bg5 Be7 5. e3 Nbd7 6. Nf3 0-0 7. cxd5 exd5 8. Qc2 c6 9. Bd3 Re8 10. 0-0 Nf8 11. Rab1 g6 12. h3 Ne6 13. Bh6 Ng7 14. g4 Bd6 15. b4 a6 16. a4 Qe7 17. b5 axb5 18. axb5 Ne4 19. Bxe4 dxe4 20. Ng5 f5 21. f3 Ne6 22. h4 Nxg5 23. Bxg5 Qe6 24. gxf5 gxf5 25. fxe4 fxe4 26. bxc6 bxc6 27. Rf6 Qg4+ 28. Qg2 Qxg2+ 29. Kxg2 Re6 30. Nxe4 Bf8 31. Nc3 Ra3 32. Nd1 Rxf6 33. Bxf6 Bf5 34. Rb8 Kf7 35. Be5 Be4+ 36. Kg3 Bh6 37. Bf4 Bf8 38. Rxf8+ 1-0

[Event "SVK-chT1W 1112"]
[Site "Slovakia"]
[Date "2012.03.04"]
[Round "11.5"]
[White "Baranek, Jozef"]
[Black "Ac, Michal"]
[Result "0-1"]
[WhiteElo "2152"]
[BlackElo "2174"]
[PlyCount "128"]
[EventDate "2011.10.15"]
[EventType "team-tourn"]
[EventRounds "11"]
[EventCountry "SVK"]
[SourceTitle "EXT 2013"]
[Source "ChessBase"]
[SourceDate "2012.11.22"]
[SourceVersion "1"]
[SourceVersionDate "2012.11.22"]
[SourceQuality "1"]
[WhiteTeam "Komarno"]
[BlackTeam "Bratislava Slovan II"]
[WhiteTeamCountry "SVK"]
[BlackTeamCountry "SVK"]

1. g3 Nf6 2. Bg2 d5 3. c4 c6 4. Qc2 Bg4 5. Nf3 Nbd7 6. 0-0 e6 7. d3 Be7 8. Bd2 dxc4 9. dxc4 Bf5 10. Qc1 Ne4 11. Be3 Qc7 12. Rd1 0-0-0 13. Nd4 Bg6 14. f3 Nec5 15. b4 e5 16. Nb3 Ne6 17. a3 f5 18. Nc3 f4 19. Bf2 Bf5 20. e4 Bg6 21. Qb2 Kb8 22. Rac1 Nb6 23. Qe2 Rxd1+ 24. Rxd1 Rd8 25. c5 Nd7 26. Rd3 Nf6 27. Qd1 Rxd3 28. Qxd3 Bf7 29. Ne2 g5 30. g4 Qd7 31. Nec1 Nc7 32. Bf1 Qe6 33. Nd2 h5 34. h3 hxg4 35. hxg4 a6 36. Be2 Nd7 37. Nc4 Nb5 38. Nb6 Nxb6 39. cxb6 Qd6 40. Bc5 Qxd3 41. Nxd3 Bxc5+ 42. bxc5 Bc4 43. Nxf4 Nxa3 44. Bxc4 Nxc4 45. Ne2 Nd2 46. Kf2 Nb3 47. Ke3 Nxc5 48. Nc1 Kc8 49. Kd2 Kd7 50. Kc3 Na4+ 51. Kb4 Nxb6 52. Nd3 Kd6 53. Nf2 c5+ 54. Kc3 Ke6 55. Nh3 Kf6 56. Nf2 Nd7 57. Kc4 Ke6 58. Nh3 b5+ 59. Kb3 Kf6 60. Nf2 Nf8 61. Nd1 Ne6 62. Ne3 Nd4+ 63. Kc3 Ke6 64. Nd5 Kd6 0-1

[Event "SVK-chT1W 1011"]
[Site "Slovakia"]
[Date "2010.12.12"]
[Round "4.6"]
[White "Ac, Michal"]
[Black "Novotny, Michal1"]
[Result "1-0"]
[WhiteElo "2177"]
[BlackElo "2009"]
[PlyCount "73"]
[EventDate "2010.11.06"]
[EventType "team-tourn"]
[EventRounds "11"]
[EventCountry "SVK"]
[SourceTitle "EXT 2012"]
[Source "ChessBase"]
[SourceDate "2011.11.24"]
[SourceVersion "1"]
[SourceVersionDate "2011.11.24"]
[SourceQuality "1"]
[WhiteTeam "Bratislava Slovan II"]
[BlackTeam "Tlmace"]
[WhiteTeamCountry "SVK"]
[BlackTeamCountry "SVK"]

1. d4 d5 2. c4 e6 3. Nc3 Nf6 4. Bg5 c6 5. e3 Bb4 6. Qb3 Qa5 7. Bxf6 gxf6 8. Nf3 Nd7 9. Bd3 dxc4 10. Bxc4 Nb6 11. Bd3 Qa4 12. 0-0 Qxb3 13. axb3 Nd5 14. Rfc1 Bd6 15. e4 Nf4 16. Bf1 Rg8 17. Kh1 e5 18. d5 Bd7 19. g3 Bg4 20. Nd2 Nh3 21. f3 Bd7 22. Nc4 Bc5 23. Na4 Nf2+ 24. Kg1 Nh3+ 25. Kg2 Bd4 26. Nab6 Nf4+ 27. Kh1 cxd5 28. Nxa8 dxc4 29. Rxc4 Ne6 30. Nc7+ Nxc7 31. Rxc7 Rg7 32. Rxb7 f5 33. Bh3 h5 34. Rc1 h4 35. Rcc7 f6 36. Rb8+ Ke7 37. Rxd7+ 1-0

[Event "SVK-chT1W 0910"]
[Site "Slovakia"]
[Date "2010.01.17"]
[Round "7.4"]
[White "Ac, Michal"]
[Black "Michalko, Peter"]
[Result "1-0"]
[WhiteElo "2168"]
[BlackElo "1792"]
[PlyCount "45"]
[EventDate "2009.10.17"]
[EventType "team"]
[EventRounds "11"]
[EventCountry "SVK"]
[SourceTitle "EXT 2011"]
[Source "ChessBase"]
[SourceDate "2010.11.26"]
[SourceVersion "1"]
[SourceVersionDate "2010.11.26"]
[SourceQuality "1"]
[WhiteTeam "Bratislava Slovan II"]
[BlackTeam "Bratislava Doprastav"]
[WhiteTeamCountry "SVK"]
[BlackTeamCountry "SVK"]

1. d4 Nf6 2. c4 c5 3. Nc3 cxd4 4. Qxd4 Nc6 5. Qd2 g6 6. b3 Bg7 7. Bb2 0-0 8. g3 d6 9. Bg2 Bd7 10. Nf3 Rc8 11. 0-0 Ng4 12. Rad1 Nge5 13. Nxe5 Bxe5 14. f4 Bg7 15. c5 Bd4+ 16. Kh1 Bxc5 17. f5 Bxf5 18. Rxf5 gxf5 19. Qg5+ Kh8 20. Qxf5 e5 21. Be4 Kg7 22. Qxh7+ Kf6 23. Nd5+ 1-0

[Event "SVK-chT1W 0809"]
[Site "Slovakia"]
[Date "2009.01.11"]
[Round "7.2"]
[White "Kleman, Miroslav"]
[Black "Ac, Michal"]
[Result "0-1"]
[WhiteElo "1907"]
[BlackElo "2173"]
[PlyCount "76"]
[EventDate "2008.10.18"]
[EventType "team-tourn"]
[EventRounds "11"]
[EventCountry "SVK"]
[SourceTitle "EXT 2010"]
[Source "ChessBase"]
[SourceDate "2010.11.25"]
[SourceVersion "1"]
[SourceVersionDate "2010.11.25"]
[SourceQuality "1"]
[WhiteTeam "Bratislava Doprastav"]
[BlackTeam "Bratislava Slovan II"]
[WhiteTeamCountry "SVK"]
[BlackTeamCountry "SVK"]

1. e4 c5 2. Nf3 d6 3. c3 e5 4. Be2 Nf6 5. 0-0 Be7 6. Re1 0-0 7. Bf1 Nc6 8. h3 Re8 9. d4 h6 10. a4 Bf8 11. d5 Ne7 12. b4 cxb4 13. cxb4 a5 14. bxa5 Qxa5 15. Bd2 Qc7 16. Na3 Bd7 17. Nb5 Qb8 18. Qb1 Rc8 19. Be3 Bxb5 20. Bxb5 Qc7 21. Rc1 Qa5 22. Nd2 Rxc1+ 23. Qxc1 Nc8 24. Nc4 Qc7 25. f3 Nd7 26. a5 Nc5 27. Nb6 Nxb6 28. axb6 Qd8 29. Rxa8 Qxa8 30. Qc3 Qa2 31. Kh2 Qb1 32. Qa5 Be7 33. Be2 Kh7 34. Kg3 Bd8 35. Bb5 Qb3 36. Kf2 Bh4+ 37. Ke2 Qb2+ 38. Bd2 Nb3 0-1

[Event "SVK-chT1E 0708"]
[Site "Slovakia"]
[Date "2008.03.15"]
[Round "10.2"]
[White "Ac, Michal"]
[Black "Seitler, Andrej"]
[Result "1/2-1/2"]
[WhiteElo "2179"]
[BlackElo "2227"]
[PlyCount "103"]
[EventDate "2007.10.13"]
[EventType "team-swiss"]
[EventRounds "11"]
[EventCountry "SVK"]
[SourceTitle "EXT 2019"]
[Source "ChessBase"]
[SourceDate "2018.10.10"]
[SourceVersion "1"]
[SourceVersionDate "2018.10.10"]
[SourceQuality "1"]
[WhiteTeam "Bratislava Slovan II"]
[BlackTeam "Trencin SK"]
[WhiteTeamCountry "SVK"]
[BlackTeamCountry "SVK"]

1. d4 Nf6 2. c4 g6 3. Nc3 Bg7 4. e4 d6 5. Nf3 0-0 6. Be2 Na6 7. 0-0 c5 8. h3 cxd4 9. Nxd4 Nc5 10. Bf3 a6 11. Be3 Bd7 12. Qe2 e5 13. Nc2 Qc7 14. Rac1 Rac8 15. Rfd1 Be6 16. b3 Ne8 17. Nb4 f5 18. exf5 gxf5 19. Bd5 Qf7 20. f3 Nf6 21. Bxe6 Qxe6 22. Nbd5 Ncd7 23. Qd3 Nxd5 24. Qxd5 Qxd5 25. Rxd5 Rc6 26. Rcd1 Rf6 27. g4 Bf8 28. gxf5 Rxf5 29. Kg2 Nf6 30. R5d3 Kf7 31. Ne4 Nxe4 32. fxe4 Rf6 33. Rf1 Be7 34. Rxf6+ Kxf6 35. a4 Ke6 36. Bf2 Rc8 37. Rg3 Bf6 38. Rf3 Rb8 39. Bb6 Rg8+ 40. Kf1 Bd8 41. Bf2 Ba5 42. Rg3 Rxg3 43. Bxg3 Kd7 44. Ke2 Kc6 45. Kd3 b5 46. axb5+ axb5 47. h4 Kc5 48. Bf2+ Kc6 49. Be3 Bb4 50. Ke2 bxc4 51. bxc4 Bc5 52. Bd2 1/2-1/2

[Event "SVK-chT1E 0708"]
[Site "Slovakia"]
[Date "2007.12.08"]
[Round "5.3"]
[White "Cambel, Vladimir"]
[Black "Ac, Michal"]
[Result "1/2-1/2"]
[WhiteElo "2050"]
[BlackElo "2179"]
[PlyCount "85"]
[EventDate "2007.10.13"]
[EventType "team-swiss"]
[EventRounds "11"]
[EventCountry "SVK"]
[SourceTitle "EXT 2019"]
[Source "ChessBase"]
[SourceDate "2018.10.10"]
[SourceVersion "1"]
[SourceVersionDate "2018.10.10"]
[SourceQuality "1"]
[WhiteTeam "Bratislava Slovan III"]
[BlackTeam "Bratislava Slovan II"]
[WhiteTeamCountry "SVK"]
[BlackTeamCountry "SVK"]

1. c4 Nf6 2. Nc3 g6 3. g3 Bg7 4. Bg2 0-0 5. d4 d6 6. Nf3 Nbd7 7. 0-0 e5 8. h3 c6 9. e4 Qb6 10. c5 dxc5 11. dxe5 Ne8 12. Qc2 Qc7 13. Bf4 Nxe5 14. Nxe5 Bxe5 15. Bxe5 Qxe5 16. f4 Qc7 17. Rad1 Ng7 18. g4 b6 19. e5 f6 20. Rd6 fxe5 21. Rxc6 Qd7 22. Rd1 Qe8 23. Rc7 Ne6 24. Bc6 Nxc7 25. Bxe8 Rxe8 26. f5 gxf5 27. gxf5 Rf8 28. Rf1 Bb7 29. Qe2 Rae8 30. f6 Rf7 31. Ne4 Bxe4 32. Qxe4 Re6 33. Qb7 e4 34. Qc8+ Re8 35. Qg4+ Kh8 36. Qh5 Rg8+ 37. Kh2 Rgf8 38. Qe5 Re8 39. Qh5 Ref8 40. Qg5 Ne8 41. Qe5 Nxf6 42. Rf4 Kg8 43. Qg5+ 1/2-1/2